000 00916nam a2200277Ia 4500
003 OSt
005 20221005111124.0
006 a|||||r|||| 00| 0
007 ta
008 221004b |||||||| |||| 00| 0 hin d
020 _a8170556465 (hbk)
_c75
024 _a13556
037 _b328, 20/03/2014, Vani Prakashan
_cTextual
040 _aCRL
_cCRL
_bhin
041 _2hin
_ahin
082 _aO152,1N26x, P8
100 _aभारती, धर्मवीर
245 0 _aआद्यन्त
246 _aĀdyanta
250 _a2 संस्करण
260 _aनई दिल्ली
_bवाणी प्रकाशन भारत
_c2008
300 _a82पृ0
_ccm.
650 _aहिन्दी साहित्य
942 _hO152,1N26x, P8
_cTEXL
_2cc
999 _c1020881
_d1020881